000 00823nam a2200229Ia 4500
003 OSt
005 20220928115806.0
008 210716s2017 xx 000 0 und d
020 _a9781786460011
040 _cAIMIT LIBRARY
041 _aeng
082 _a005.448
_21
_bGUPR
100 _aGupta, Yuvraj.
_958654
245 _aMastering elastic stack :
_bget the most out of the elastic stack for various complex analytics using this comprehensive and practical guide /
_cBy Yuvraj Gupta and Ravi Kumar Gupta.
250 _a1st ed.
260 _aMumbai :
_bPackt Publishing Ltd ,
_c2017 .
300 _axiii, 497p. ;
_bPB
_c23.5 cm.
650 _aStepping into elasticsearch
_958655
650 _aExploring logstash and its plugins
_958656
700 _aGupta, Ravi Kumar.
_958657
942 _2ddc
_cBK
_e1st
_k005.448 GUPR
999 _c196661
_d196661